|
|
|
|
| LEADER |
00000nab a2200000 a 4500 |
| 001 |
vtls011112227 |
| 003 |
SK-MaSNL |
| 005 |
20260303214244.0 |
| 008 |
230218|1987 xo |||||||||||||||||eng| |
| 015 |
|
|
|a SNBRB
|
| 035 |
|
|
|a (uuid)6723e943-58d4-4f9b-8386-e9f7afd8e92b
|
| 035 |
|
|
|a (urnnbn)urn:nbn:sk:snk:ar-a08g3h
|
| 035 |
|
|
|a urn:nbn:sk:snk-ab9io7
|
| 040 |
|
|
|a SNKBUCL
|b slo
|c SNKBUCL
|e AACR2
|
| 041 |
0 |
|
|a eng
|
| 044 |
|
|
|a xo
|c SK
|
| 100 |
1 |
|
|a Kozák, Marián,
|d 1946-2016
|4 aut
|9 196330
|
| 245 |
1 |
0 |
|a COUNTING OF THROMBOCYTES AND THEIR REFERENCE VALUES IN HEALTHY DOGS - GERMAN SHEPHERDS
|c M. Kozák, K. J. Fried
|
| 700 |
1 |
|
|a Fried, K. J.
|4 aut
|9 1249099
|
| 773 |
0 |
|
|t Folia veterinaria
|g Roč. 31, č. 1 (1987), s. 71-80
|
| 958 |
|
|
|a OND
|
| 958 |
|
|
|a EUIPO
|
| 958 |
|
|
|a article13
|
| 999 |
|
|
|c 2216021
|d 2217951
|